Carte séquentielle aléatoire des pays d’Europe - Erreur interdite - Statistiques

Statistiques générales
  • Ce quiz a été pris 766 fois
  • Le résultat moyen est 18 sur 45
Réponses sur la Carte
Les réponses sont colorées sur une échelle allant du rouge au vert en fonction du pourcentage des utilisateurs qui les ont devinées à leur premier essai. Vous pouvez retrouver ces pourcentages ci-dessous.
 
Statistiques - réponses
Pays % Correct
Grèce
47%
Islande
45%
Italie
45%
Pays-Bas
45%
Norvège
44%
Roumanie
44%
Allemagne
43%
Belgique
43%
Danemark
43%
Irlande
43%
Russie
43%
Suède
43%
Ukraine
43%
Andorre
42%
Bosnie-Herzégovine
42%
Croatie
42%
Espagne
42%
Finlande
42%
Luxembourg
42%
Royaume-Uni
42%
Suisse
42%
Albanie
41%
France
41%
Hongrie
41%
Moldavie
41%
Bulgarie
40%
Estonie
40%
Lituanie
40%
Malte
40%
Pologne
40%
Portugal
40%
Serbie
40%
Slovénie
40%
Autriche
39%
Liechtenstein
39%
Macédoine du Nord
39%
Biélorussie
38%
Monaco
38%
Monténégro
38%
Slovaquie
37%
Kosovo
36%
République tchèque
36%
Saint-Marin
36%
Lettonie
34%
Vatican
34%
Aucun quiz correspondant
Distribution des résultats
% des personnes avec chaque résultat
Percentile par nombre de réponses
Votre historique - résultats
Vous n’avez pas pris ce quiz